| 000 | 00823nam a2200301Ia 4500 | ||
|---|---|---|---|
| 008 | 181129s9999 xx 000 0 und d | ||
| 020 | _a9780439098670 | ||
| 050 | _bJ128 2000 | ||
| 100 | _aJackson, Garnet | ||
| 245 | 0 | _aGeorge Washinton : | |
| 245 | 0 | _bour president / | |
| 245 | 0 | _cby Garnet Jackson ; illustrated by Cornelius Van Wright and Ying-Hwa Hu. | |
| 260 | _aNew York, NY : | ||
| 260 | _bScholastic, | ||
| 260 | _c2000 | ||
| 300 | _aunpaged : | ||
| 300 | _bcolor illustrations ; | ||
| 300 | _c23cm. | ||
| 440 | _aDeveloping reader level 2. | ||
| 500 | _a600L | ||
| 650 | _aPresidents -- | ||
| 650 | _aWashington, George -- 1732-1799. | ||
| 650 | _xUnited States -- Biography. | ||
| 700 | _aSeries. | ||
| 700 | _aTitle. | ||
| 700 | _aWright, Cornelius Van. | ||
| 700 | _aYing-Hwa, Hu. | ||
| 999 |
_c359956 _d359956 |
||